| 000 | 00462nam a2200181Ia 4500 | ||
|---|---|---|---|
| 005 | 20240823051502.0 | ||
| 008 | 240823s9999||||xx |||||||||||||| ||und|| | ||
| 041 | _aENGLISH | ||
| 082 | _A320.84 N3 | ||
| 100 | _aKusumakara Hebbar C | ||
| 245 | 0 | _aIntegrated Rural Development Programme (IRDP) | |
| 250 | _a1st | ||
| 260 |
_c1993 _b"Deep and Deep,New Delhi" |
||
| 500 | _aYES | ||
| 650 |
_aManagement _bManagement Studies |
||
| 942 | _cBK | ||
| 999 |
_c219698 _d219698 |
||